[Event "Kemerovo Region Cup"]
[Site "Kemerovo"]
[Date "2013.09.04"]
[Round "7"]
[White "Demensky, Evgeny"]
[Black "Kolosovskiy, Danil"]
[Result "1-0"]
[WhiteElo "2204"]
[BlackElo "2031"]
[PlyCount "61"]
[EventDate "2013.08.28"]
[EventType "swiss"]
[EventRounds "7"]
[EventCountry "RUS"]
[SourceTitle "EXT 2014"]
[Source "ChessBase"]
[SourceDate "2013.11.20"]
[SourceVersion "1"]
[SourceVersionDate "2013.11.20"]
[SourceQuality "1"]

1. Nf3 Nf6 2. d4 e6 3. Bg5 Be7 4. Nbd2 d5 5. e3 0-0 6. Bd3 b6 7. Ne5 Nfd7 8. Qh5 f5 9. Ndf3 Nxe5 10. dxe5 c5 11. c3 Ba6 12. Bc2 Nc6 13. h4 Qe8 14. Qxe8 Rfxe8 15. 0-0-0 Rac8 16. Bf4 b5 17. g4 b4 18. Rdg1 bxc3 19. bxc3 d4 20. gxf5 d3 21. f6 Bf8 22. Ba4 c4 23. Kd2 Red8 24. e4 Nb4 25. Rxg7+ Bxg7 26. Rg1 Rc7 27. Bh6 Nxa2 28. Bxg7 Rb7 29. Bh6+ Kh8 30. Ng5 Nxc3 31. Kxc3 1-0

[Event "Kemerovo Region Cup"]
[Site "Kemerovo"]
[Date "2013.09.01"]
[Round "4"]
[White "Demensky, Evgeny"]
[Black "Feofanov, Andrei"]
[Result "1/2-1/2"]
[WhiteElo "2204"]
[BlackElo "2047"]
[PlyCount "57"]
[EventDate "2013.08.28"]
[EventType "swiss"]
[EventRounds "7"]
[EventCountry "RUS"]
[SourceTitle "EXT 2014"]
[Source "ChessBase"]
[SourceDate "2013.11.20"]
[SourceVersion "1"]
[SourceVersionDate "2013.11.20"]
[SourceQuality "1"]

1. g3 g6 2. Bg2 Bg7 3. d4 d5 4. Nf3 Nf6 5. c4 0-0 6. 0-0 Nc6 7. cxd5 Nxd5 8. e4 Nb6 9. d5 Na5 10. Nc3 c6 11. Bg5 cxd5 12. Nxd5 Nc6 13. Nxe7+ Nxe7 14. Qxd8 Rxd8 15. Bxe7 Re8 16. Bc5 Rxe4 17. Rad1 Re8 18. b3 Bf5 19. Nd4 Be4 20. Nb5 Bxg2 21. Kxg2 Re5 22. Nc7 Rc8 23. Bd6 Re2 24. a4 Be5 25. Nb5 a6 26. Bxe5 Rxe5 27. Nd6 Rc3 28. a5 Rxa5 29. Nxb7 1/2-1/2

[Event "Kemerovo op"]
[Site "Kemerovo"]
[Date "2013.07.28"]
[Round "9"]
[White "Starkov, S."]
[Black "Demensky, Evgeny"]
[Result "1/2-1/2"]
[WhiteElo "2205"]
[BlackElo "2197"]
[PlyCount "94"]
[EventDate "2013.07.22"]
[EventType "swiss"]
[EventRounds "9"]
[EventCountry "RUS"]
[SourceTitle "EXT 2014"]
[Source "ChessBase"]
[SourceDate "2013.11.20"]
[SourceVersion "1"]
[SourceVersionDate "2013.11.20"]
[SourceQuality "1"]

1. e4 g6 2. d4 Bg7 3. f4 d6 4. Be2 e6 5. Nf3 a6 6. Be3 Ne7 7. Qd2 Nd7 8. Nc3 b5 9. a4 b4 10. Nd1 Bb7 11. Nf2 a5 12. 0-0 h6 13. c3 bxc3 14. bxc3 f5 15. e5 Nd5 16. c4 Nxe3 17. Qxe3 Qe7 18. Rfe1 0-0 19. Rab1 Rab8 20. Rb5 dxe5 21. Nxe5 Nxe5 22. dxe5 Bc6 23. Qc5 Qxc5 24. Rxc5 Bxa4 25. Rxa5 Bc6 26. Rc5 Rb6 27. Bf3 Bxf3 28. gxf3 Rf7 29. Rd1 Bf8 30. Ra5 Rc6 31. Ra4 Bc5 32. Kg2 Rb6 33. Rd8+ Kg7 34. Nd3 Be7 35. Rd7 Bh4 36. Rd4 Rb1 37. Ra6 Re7 38. Nc5 Kf7 39. Rd2 g5 40. Kh3 Rf1 41. Kg2 Rb1 42. Kh3 Be1 43. Rd8 Bf2 44. Nd3 Be3 45. fxg5 hxg5 46. Raa8 Rb3 47. Rg8 Rd7 1/2-1/2

[Event "Kemerovo op"]
[Site "Kemerovo"]
[Date "2013.07.25"]
[Round "5"]
[White "Demensky, Evgeny"]
[Black "Koveshnikova, Daria"]
[Result "1-0"]
[WhiteElo "2197"]
[BlackElo "2027"]
[PlyCount "101"]
[EventDate "2013.07.22"]
[EventType "swiss"]
[EventRounds "9"]
[EventCountry "RUS"]
[SourceTitle "EXT 2014"]
[Source "ChessBase"]
[SourceDate "2013.11.20"]
[SourceVersion "1"]
[SourceVersionDate "2013.11.20"]
[SourceQuality "1"]

1. Nf3 d5 2. b3 Nf6 3. Bb2 Nbd7 4. c4 c6 5. g3 g6 6. Bg2 Bg7 7. 0-0 0-0 8. cxd5 cxd5 9. d4 Nb6 10. Nc3 Bf5 11. Rc1 Rc8 12. h3 a6 13. Ne5 Qd6 14. g4 Bd7 15. f4 Bc6 16. Nb1 Ne4 17. a4 Qd8 18. Qd3 f5 19. Nxc6 bxc6 20. gxf5 gxf5 21. Qxa6 Ra8 22. Qd3 c5 23. Na3 c4 24. bxc4 dxc4 25. Nxc4 Rxa4 26. Ne5 Qd5 27. Rfd1 Bh6 28. Rc5 Qa2 29. Bc1 Kh8 30. Rc6 Rf6 31. Bxe4 fxe4 32. Qxe4 Ra8 33. Rxf6 exf6 34. Ng4 Bg7 35. d5 Rd8 36. d6 Nc4 37. Qe7 Rg8 38. d7 Qa7+ 39. Be3 Nxe3 40. Qxe3 Qc7 41. Qe8 Qd8 42. Qxd8 Rxd8 43. Ne3 Kg8 44. Nc2 Kf7 45. Nb4 f5 46. Nc6 Bf6 47. Nxd8+ Bxd8 48. Kg2 Ke7 49. Kf3 Kf7 50. Rd5 Ke6 51. Re5+ 1-0

[Event "Kemerovo op"]
[Site "Kemerovo"]
[Date "2013.07.22"]
[Round "1"]
[White "Maljarov, Aleksei"]
[Black "Demensky, Evgeny"]
[Result "0-1"]
[WhiteElo "1800"]
[BlackElo "2197"]
[PlyCount "68"]
[EventDate "2013.07.22"]
[EventType "swiss"]
[EventRounds "9"]
[EventCountry "RUS"]
[SourceTitle "EXT 2014"]
[Source "ChessBase"]
[SourceDate "2013.11.20"]
[SourceVersion "1"]
[SourceVersionDate "2013.11.20"]
[SourceQuality "1"]

1. c4 g6 2. Nf3 Bg7 3. e4 c5 4. Nc3 Nc6 5. Be2 d6 6. a3 e6 7. d3 Nge7 8. Bg5 h6 9. Bh4 g5 10. Bg3 f5 11. exf5 exf5 12. h3 0-0 13. Qd2 f4 14. Bh2 Nf5 15. 0-0 Nfd4 16. Rae1 Kh8 17. Bd1 Bf5 18. Nd5 Qd7 19. b4 Ne5 20. Nxd4 cxd4 21. Bg4 Bxg4 22. hxg4 Qxg4 23. f3 Qf5 24. Re4 Rf7 25. Kh1 Ng6 26. Rfe1 Raf8 27. Bg1 g4 28. fxg4 Qxg4 29. Bxd4 Qh5+ 30. Kg1 Bxd4+ 31. Rxd4 f3 32. Rf1 f2+ 33. Rxf2 Rxf2 34. Qxf2 Qd1+ 0-1

[Event "Kuzbass-ch op"]
[Site "Kemerovo"]
[Date "2011.10.21"]
[Round "9"]
[White "Feofanov, Andrei"]
[Black "Demensky, Evgeny"]
[Result "0-1"]
[WhiteElo "1838"]
[BlackElo "2218"]
[PlyCount "70"]
[EventDate "2011.10.14"]
[EventType "swiss"]
[EventRounds "9"]
[EventCountry "RUS"]
[SourceTitle "EXT 2012"]
[Source "ChessBase"]
[SourceDate "2011.11.24"]
[SourceVersion "1"]
[SourceVersionDate "2011.11.24"]
[SourceQuality "1"]

1. Nf3 g6 2. c4 Bg7 3. g3 e5 4. d3 c6 5. Bg2 d5 6. cxd5 cxd5 7. 0-0 Ne7 8. Nc3 Nbc6 9. Bd2 0-0 10. Rc1 h6 11. a3 Rb8 12. Na4 Kh7 13. b4 a6 14. Be3 d4 15. Bd2 b6 16. Nb2 b5 17. a4 Qd6 18. axb5 axb5 19. Qe1 Bd7 20. Rb1 Nd5 21. Nd1 Ra8 22. e4 Nb6 23. h4 Ra3 24. Qe2 Rfa8 25. Nh2 Ra2 26. f4 R8a3 27. Nb2 Rb3 28. fxe5 Nxe5 29. Bf4 Be6 30. Nf3 Nxf3+ 31. Qxf3 Qxb4 32. Bc7 Nd7 33. h5 Rbxb2 34. hxg6+ fxg6 35. Rxb2 Qxb2 0-1

[Event "Kuzbass-ch op"]
[Site "Kemerovo"]
[Date "2011.10.16"]
[Round "3"]
[White "Demensky, Evgeny"]
[Black "Zenkov, Gennadiy"]
[Result "1-0"]
[WhiteElo "2218"]
[BlackElo "2064"]
[PlyCount "73"]
[EventDate "2011.10.14"]
[EventType "swiss"]
[EventRounds "9"]
[EventCountry "RUS"]
[SourceTitle "EXT 2012"]
[Source "ChessBase"]
[SourceDate "2011.11.24"]
[SourceVersion "1"]
[SourceVersionDate "2011.11.24"]
[SourceQuality "1"]

1. d4 d5 2. Nf3 Nf6 3. c4 c6 4. g3 e6 5. Nbd2 Be7 6. Bg2 0-0 7. 0-0 Nbd7 8. Qc2 b6 9. e4 dxe4 10. Nxe4 Bb7 11. Rd1 Nxe4 12. Qxe4 Nf6 13. Qe2 Rc8 14. Bf4 h6 15. Rac1 Re8 16. Ne5 Nh7 17. Qh5 Rf8 18. h4 Nf6 19. Qe2 Nd7 20. Be4 Nxe5 21. dxe5 Qc7 22. Qg4 Kh8 23. c5 Rg8 24. b4 bxc5 25. bxc5 Rcd8 26. Bb1 Rxd1+ 27. Qxd1 Ba6 28. Qa4 Bb5 29. Qe4 g6 30. Bxh6 Qd7 31. h5 Qd5 32. Qf4 f5 33. exf6 e5 34. Qg5 Bxc5 35. hxg6 Bxf2+ 36. Kxf2 Bd3 37. Bg7+ 1-0

[Event "Kuzbass-ch op"]
[Site "Kemerovo"]
[Date "2011.10.14"]
[Round "1"]
[White "Riabov, Aleksandr"]
[Black "Demensky, Evgeny"]
[Result "0-1"]
[WhiteElo "1966"]
[BlackElo "2218"]
[PlyCount "64"]
[EventDate "2011.10.14"]
[EventType "swiss"]
[EventRounds "9"]
[EventCountry "RUS"]
[SourceTitle "EXT 2012"]
[Source "ChessBase"]
[SourceDate "2011.11.24"]
[SourceVersion "1"]
[SourceVersionDate "2011.11.24"]
[SourceQuality "1"]

1. d4 g6 2. c4 Bg7 3. Nc3 c5 4. d5 d6 5. Nf3 f5 6. e4 Bxc3+ 7. bxc3 fxe4 8. Ng5 Nf6 9. Be2 h6 10. Nh3 Bxh3 11. gxh3 Nbd7 12. Rg1 Nf8 13. Be3 Qa5 14. Kd2 0-0-0 15. a4 g5 16. Rb1 a6 17. Qb3 Qc7 18. a5 N8d7 19. h4 Ne5 20. hxg5 hxg5 21. Rg2 g4 22. Bf4 Nf3+ 23. Bxf3 exf3 24. Rgg1 Rd7 25. Qa4 Qd8 26. Rbe1 Qg8 27. Qc2 Rh5 28. Re6 Nxd5 29. Rg6 Qf7 30. cxd5 Qxf4+ 31. Ke1 Re5+ 32. Kf1 Qxh2 0-1

[Event "Kuzbass-ch"]
[Site "Kemerovo"]
[Date "2010.10.23"]
[Round "1"]
[White "Demensky, Evgeny"]
[Black "Riabov, Alexander"]
[Result "1-0"]
[WhiteElo "2220"]
[BlackElo "2072"]
[PlyCount "78"]
[EventDate "2010.10.23"]
[EventType "swiss"]
[EventRounds "9"]
[EventCountry "RUS"]
[SourceTitle "EXT 2011"]
[Source "ChessBase"]
[SourceDate "2010.11.26"]
[SourceVersion "1"]
[SourceVersionDate "2010.11.26"]
[SourceQuality "1"]

1. d4 Nf6 2. Nf3 e6 3. g3 b6 4. Bg2 Bb7 5. 0-0 Be7 6. c4 0-0 7. Nc3 Ne4 8. Qc2 Nxc3 9. Qxc3 f5 10. Rd1 Bf6 11. Qb3 Qe7 12. Ne1 Bxg2 13. Nxg2 Nc6 14. Be3 Rad8 15. d5 Ne5 16. Rac1 Ng4 17. c5 Nxe3 18. Nxe3 bxc5 19. dxe6 Qxe6 20. Rxc5 Qxb3 21. axb3 c6 22. Nxf5 Bxb2 23. Ne3 Rfe8 24. Kf1 Ba3 25. Ra5 Bb4 26. Rxa7 d5 27. Nf5 Bf8 28. Ra6 Re6 29. Nd4 Rh6 30. Rxc6 Rxh2 31. Kg1 Rh5 32. Ne6 Rb8 33. Rd3 Re5 34. e3 Re8 35. Nf4 Rd8 36. Ra6 g5 37. Ne6 Re8 38. Nxf8 Rxf8 39. Rd6 Rb8 1-0